| 000 | 01447cam a2200325 i 4500 | ||
|---|---|---|---|
| 003 | DO-SdBNP | ||
| 005 | 20240916114304.0 | ||
| 007 | ta | ||
| 008 | 240916s2004 xxua c 000 f spa d | ||
| 020 | _a0439683130 | ||
| 040 |
_aDO-SdBNP _bspa _cBNPHU _erda |
||
| 082 |
_bM379m _222 |
||
| 100 | 1 |
_aMartin, Ann M. _d1955- _913825 _eautora |
|
| 245 | 1 | 4 |
_aThe meanest doll in the workd / _cAnn M. Martin, Laura Godwin ; ilustraciones Brian Selznick |
| 264 |
_aNueva York, Estados Unidos : _bScholastic, _c2004. |
||
| 300 |
_a260 páginas _bilustraciones _c23 cm. |
||
| 336 |
_atexto _btxt _2rdacontent |
||
| 337 |
_asin mediación _bn _2rdamedia |
||
| 338 |
_avolumen _bnc _2rdacarrier |
||
| 500 | _aSecuela de: La gente de las muñecas. | ||
| 500 | _aIncluye datos biografícos de los autores e ilustrador en la página 267. | ||
| 521 | _aAnnabelle y Tiffany Fuchaft son dos muñecas que han sido mejores amigas desde que se conocieron en la casa de Kate Palmer, tienen una aventura cuando se esconden en la mochila de Kate Palmer, las llevan a la escuela, van por error a otra casa e intentan detener a la princesa Mimi, una muñeca. que amenaza a todos los muñecos. | ||
| 590 | _aInventariado, 2024/ YL | ||
| 650 | 4 |
_aMuñecas _vFicción. _986583 |
|
| 650 | 4 |
_aComportamiento _vFicción. _986584 |
|
| 700 | 1 |
_aGodwin, Laura _eautora _986585 |
|
| 700 | 1 |
_aSelznick, Brian _eilustraciones _986586 |
|
| 910 | _aYlockward | ||
| 942 |
_2ddc _cLBS1 |
||
| 999 |
_c57692 _d57692 |
||